[Event "25th European Teams"]
[Site "Batumi GEO"]
[Date "2025.10.06"]
[Round "2.11"]
[Board "1"]
[White "Keymer, Vincent"]
[Black "Bogner, Sebastian"]
[Result "1-0"]
[WhiteTitle "GM"]
[BlackTitle "GM"]
[WhiteElo "2755"]
[BlackElo "2555"]
[WhiteTeam "Germany"]
[BlackTeam "Switzerland"]
[WhiteFideId "12940690"]
[BlackFideId "4692055"]
[EventDate "2025.10.05"]

1. c4 e6 2. g3 d5 3. Bg2 Nf6 4. Nf3 d4 5. d3 Nc6 6. O-O Be7 7. e3 e5 8. exd4
exd4 9. Na3 O-O 10. Nc2 a5 11. b3 Bf5 12. a3 h6 13. Rb1 Rb8 14. Bb2 Bc5 15. Ba1
Qd6 16. b4 axb4 17. axb4 Nxb4 18. Nxb4 Bxb4 19. Nxd4 Bg4 20. Bf3 Bd7 21. Nc2 Ba4
22. d4 c5 23. d5 b5 24. Qc1 Bxc2 25. Qxc2 bxc4 26. Qxc4 Rfe8 27. Bg2 Nd7 28. Rb3
Re7 29. Rfb1 Rbe8 30. h3 Re1+ 31. Kh2 Nf6 32. Rxe1 Rxe1 33. Bb2 h5 34. Bc1 Nd7
35. Bf4 Ne5 36. Qb5 Kh7 37. Rb2 g6 38. Ra2 c4 39. Qb7 Qe7 40. Qc8 Qc5 41. Qd8
Qe7 42. Qc8 Qc5 43. Qb7 Qe7 44. Ra7 Qxb7 45. Rxb7 Bc5 46. Bxe5 Rxe5 47. Rxf7+
Kh6 48. Rc7 Bxf2 49. Bf3 h4 50. gxh4 c3 51. h5 gxh5 52. Rxc3 Rg5 53. Be4 Re5 54.
Rc4 Re7 55. Kg2 Ba7 56. h4 Rg7+ 57. Kh3 Rf7 58. Rc6+ Kg7 59. Rg6+ Kf8 60. d6 Bd4
61. Bd5 Rg7 62. Re6 Rd7 63. Bc6 Rd8 64. d7 Kg7 65. Rd6 Bf6 66. Rd5 Rh8 67. Bb5
Kf7 68. Rc5 Bd8 69. Re5 Bf6 70. Re8 Rf8 71. Be2 Kg7 72. Bxh5 Rh8 73. Kg4 Bd8 74.
Re6 Rh6 75. Re8 Rh8 76. Re5 Rh6 77. Rd5 Rb6 78. Rd4 Rh6 79. Rd3 Rb6 80. Kh3 Rh6
81. Rd5 Rh8 82. Kg4 Rh6 83. Rd4 Rh8 84. Rd3 Rh6 85. Rg3 Kf8 86. Rf3+ Kg7 87. Rf4
Rf6 88. Ra4 Rh6 89. Re4 Rh8 90. Re8 Bf6 91. Rc8 Bd8 92. Ra8 Bf6 93. Ra6 Bd8 94.
Ra8 Bf6 95. Ra3 Bd8 96. Rg3 Kf8 97. Rf3+ Kg7 98. Rh3 Rh6 99. Be8 Rd6 100. h5 Kh6
101. Kf5 Rf6+ 102. Ke5 Ra6 103. Rc3 Ra5+ 104. Ke4 Ra4+ 105. Kf3 Rd4 106. Rc6+
Kg7 107. Ke3 Rd1 108. h6+ Kf8 109. Kf3 Rf1+ 110. Kg4 Rg1+ 111. Kf5 Rf1+ 112. Kg6
Rg1+ 113. Kh7 Ke7 114. Rg6 Rh1 115. Kg8 Bc7 116. Rg7+ 1-0

[Event "25th European Teams"]
[Site "Batumi GEO"]
[Date "2025.10.06"]
[Round "2.11"]
[Board "2"]
[White "Peng, Li Min"]
[Black "Svane, Rasmus"]
[Result "1/2-1/2"]
[WhiteTitle "GM"]
[BlackTitle "GM"]
[WhiteElo "2498"]
[BlackElo "2614"]
[WhiteTeam "Switzerland"]
[BlackTeam "Germany"]
[WhiteFideId "14112620"]
[BlackFideId "4657101"]
[EventDate "2025.10.05"]

1. d4 Nf6 2. c4 e6 3. Nf3 d5 4. Nc3 Be7 5. cxd5 exd5 6. Bf4 c6 7. h3 Bf5 8. e3
Qb6 9. Bd3 Bxd3 10. Qxd3 O-O 11. O-O Nbd7 12. Qc2 Qd8 13. Ne1 Nb6 14. Nd3 Bd6
15. Bxd6 Qxd6 16. Nc5 Qc7 17. Rac1 Nc4 18. e4 dxe4 19. N3xe4 Nxe4 20. Nxe4 Nb6
21. Ng5 g6 22. Rfe1 Rae8 23. Qc5 Qb8 24. Ne4 Nd5 25. g3 a6 26. Nc3 Nf6 27. d5
Nxd5 28. Nxd5 cxd5 29. Qxd5 Rd8 30. Qb3 Rd7 1/2-1/2

[Event "25th European Teams"]
[Site "Batumi GEO"]
[Date "2025.10.06"]
[Round "2.11"]
[Board "3"]
[White "Bluebaum, Matthias"]
[Black "Baenziger, Fabian"]
[Result "1-0"]
[WhiteTitle "GM"]
[BlackTitle "IM"]
[WhiteElo "2687"]
[BlackElo "2439"]
[WhiteTeam "Germany"]
[BlackTeam "Switzerland"]
[WhiteFideId "24651516"]
[BlackFideId "1330110"]
[EventDate "2025.10.05"]

1. d4 d5 2. c4 e6 3. Nf3 Nf6 4. Nc3 Be7 5. cxd5 exd5 6. Bf4 c6 7. e3 Nh5 8. h3
Nxf4 9. exf4 O-O 10. Bd3 Bd6 11. g3 Re8+ 12. Kf1 Nd7 13. Kg2 Nf8 14. Qc2 g6 15.
Nd1 Qf6 16. Ne3 h5 17. Rae1 Bd7 18. Ne5 Rad8 19. Qa4 a6 20. Nxd7 Nxd7 21. Nxd5
cxd5 22. Rxe8+ Rxe8 23. Qxd7 Rd8 24. Qxb7 Qxd4 25. Qxa6 h4 26. gxh4 Qxf4 27. Qa5
Qxh4 28. Qxd5 Be7 29. Qb5 Qd4 30. Re1 Bc5 31. Re3 Kg7 32. Rf3 f5 33. a3 Kh6 34.
b4 Ba7 35. Qc6 Rd6 36. Qe8 Rd8 37. Qe7 Rd7 38. Qf8+ Kh7 39. Rxf5 Qxd3 40. Rf7+
Rxf7 41. Qxf7+ Kh6 42. Qxa7 Qd5+ 43. Kg3 Qe5+ 44. Kf3 Qd5+ 45. Ke3 Qb3+ 46. Kf4
Qc4+ 47. Kg3 Qd3+ 48. Qe3+ 1-0

[Event "25th European Teams"]
[Site "Batumi GEO"]
[Date "2025.10.06"]
[Round "2.11"]
[Board "4"]
[White "Kurmann, Oliver"]
[Black "Svane, Frederik"]
[Result "1/2-1/2"]
[WhiteTitle "IM"]
[BlackTitle "GM"]
[WhiteElo "2409"]
[BlackElo "2638"]
[WhiteTeam "Switzerland"]
[BlackTeam "Germany"]
[WhiteFideId "1308173"]
[BlackFideId "12923044"]
[EventDate "2025.10.05"]

1. e4 e5 2. Nf3 Nc6 3. Bc4 Nf6 4. d3 Bc5 5. O-O d6 6. c3 a5 7. Re1 O-O 8. h3 h6
9. Nbd2 Be6 10. Bb5 Nh7 11. Nf1 f5 12. exf5 Bxf5 13. Ng3 Bg6 14. d4 exd4 15.
cxd4 Bb6 16. a3 Nf6 17. Be3 Nd5 18. Bc4 Bf7 19. Bd3 Qf6 20. Ne4 Qe6 21. Nc3 Nxe3
22. fxe3 Ne7 23. Qc2 c6 24. Kh1 Bh5 25. d5 Nxd5 26. Nxd5 cxd5 27. Nd4 Qe5 28.
Qd2 Rae8 29. Bc2 Qg5 30. Bb3 Kh8 31. Rf1 Rxf1+ 32. Rxf1 Bg6 33. Nf3 Qxe3 34.
Qxe3 Bxe3 35. Bxd5 b6 36. b4 Rc8 37. Nh4 Bc2 38. Nf5 Bxf5 39. Rxf5 Bd4 40. g3
Rc1+ 41. Kg2 Rc2+ 42. Kf3 Bf6 43. bxa5 bxa5 44. Kg4 Rc3 45. Rf3 Rc5 46. Rf5 Rc3
47. Rf3 Rc5 48. Rf5 a4 49. h4 Kh7 50. Be4 Kg8 51. Rxc5 dxc5 52. h5 Bb2 53. Bc2
Kf7 54. Kf5 Ke7 55. Bxa4 c4 56. Bb5 c3 57. Bd3 Bxa3 58. Ke5 Bd6+ 59. Kd4 Bxg3 1/2-1/2

[Event "25th European Teams"]
[Site "Batumi GEO"]
[Date "2025.10.06"]
[Round "2.12"]
[Board "1"]
[White "Keinanen, Toivo"]
[Black "Rapport, Richard"]
[Result "0-1"]
[WhiteTitle "IM"]
[BlackTitle "GM"]
[WhiteElo "2503"]
[BlackElo "2724"]
[WhiteTeam "Finland"]
[BlackTeam "Hungary"]
[WhiteFideId "509825"]
[BlackFideId "738590"]
[EventDate "2025.10.05"]

1. Nf3 f5 2. d3 Nc6 3. d4 e6 4. g3 Nf6 5. Bg2 Rb8 6. c4 Bb4+ 7. Bd2 Bxd2+ 8.
Qxd2 d6 9. d5 Ne7 10. dxe6 Bxe6 11. b3 Ne4 12. Qb2 O-O 13. O-O Ng6 14. e3 d5 15.
Rd1 c6 16. Nbd2 Qe7 17. Nd4 Qf6 18. Qc2 Ne5 19. Nxe6 Qxe6 20. Nf3 Ng4 21. Rf1
Rbd8 22. h3 Ngf6 23. Nd4 Qe5 24. Rac1 Kh8 25. cxd5 Rxd5 26. b4 Qe7 27. Qb2 h5
28. Rc2 Rfd8 29. Ne2 Rd2 30. Nd4 Rxc2 31. Qxc2 Qxb4 32. Rb1 Qc5 33. Qxc5 Nxc5
34. Nxf5 Rd2 35. a3 a5 36. f4 Rd3 37. e4 g6 38. Nh4 Kg7 39. e5 Nfd7 40. e6 Nf6
41. Re1 Rxg3 42. e7 Kf7 43. Nf3 h4 44. Kh2 Nd3 45. Rf1 a4 46. Nxh4 Re3 47. f5 g5
48. Ng6 Ne1 49. Bh1 g4 50. Rf4 g3+ 51. Kg1 Rxa3 52. Rh4 Re3 53. Rxa4 Nc2 54. Rf4
Re1+ 55. Rf1 Rxf1+ 56. Kxf1 Ne3+ 57. Ke2 Nxf5 58. Bxc6 Nd4+ 59. Ke3 0-1

[Event "25th European Teams"]
[Site "Batumi GEO"]
[Date "2025.10.06"]
[Round "2.12"]
[Board "2"]
[White "Banusz, Tamas"]
[Black "Sipila, Vilka"]
[Result "1-0"]
[WhiteTitle "GM"]
[BlackTitle "IM"]
[WhiteElo "2588"]
[BlackElo "2487"]
[WhiteTeam "Hungary"]
[BlackTeam "Finland"]
[WhiteFideId "722413"]
[BlackFideId "505455"]
[EventDate "2025.10.05"]

1. Nf3 d5 2. c4 e6 3. e3 Nf6 4. Nc3 Bd6 5. b3 O-O 6. Bb2 Nbd7 7. d4 b6 8. Bd3
Bb7 9. O-O c5 10. cxd5 Nxd5 11. Ne4 Be7 12. dxc5 Bxc5 13. Nxc5 Nxc5 14. Bc4 Rc8
15. Qd4 Nf6 16. Qh4 Qe7 17. Ne5 Nd5 18. Qxe7 Nxe7 19. Rfd1 Rfd8 20. Ba3 Nd5 21.
Bxc5 bxc5 22. Rac1 Nb4 23. a3 Na2 24. Ra1 Nc3 25. Rdc1 Ne4 26. f3 Nd2 27. Rc3
Bd5 28. Ba6 Rb8 29. e4 Ba8 30. Bc4 Kf8 31. h4 f6 32. Nd3 Nxc4 33. Nxc5 Nd6 34.
Nxe6+ Ke7 35. Nxd8 Kxd8 36. Rd1 Kd7 37. Rdc1 Ne8 38. b4 Rb6 39. Kf2 Bc6 40. Rd1+
Nd6 41. Ke3 Ra6 42. Kf4 Kc7 43. Rc5 Nb5 44. Rdc1 Nd4 45. b5 Ne6+ 46. Kf5 Nxc5
47. Rxc5 Ra5 48. Rxc6+ Kb7 49. Rd6 Rxb5+ 50. Ke6 Kc8 51. Kf7 Rb7+ 52. Kf8 h5 53.
Re6 Rb2 54. Kxg7 Rxg2+ 55. Kh6 f5 56. exf5 Kd7 57. Re3 1-0

[Event "25th European Teams"]
[Site "Batumi GEO"]
[Date "2025.10.06"]
[Round "2.12"]
[Board "3"]
[White "Sammalvuo, Tapani"]
[Black "Sjugirov, Sanan"]
[Result "0-1"]
[WhiteTitle "IM"]
[BlackTitle "GM"]
[WhiteElo "2376"]
[BlackElo "2632"]
[WhiteTeam "Finland"]
[BlackTeam "Hungary"]
[WhiteFideId "501115"]
[BlackFideId "4189302"]
[EventDate "2025.10.05"]

1. d4 Nf6 2. c4 g6 3. Nc3 d5 4. cxd5 Nxd5 5. e4 Nxc3 6. bxc3 Bg7 7. Nf3 Bg4 8.
Qb3 c5 9. Ng5 O-O 10. Bc4 Qe8 11. d5 h6 12. Nf3 Nd7 13. O-O Qc8 14. Rb1 Bxf3 15.
gxf3 Ne5 16. Be2 c4 17. Qd1 Qh3 18. f4 Nd3 19. Bxd3 cxd3 20. Re1 Rac8 21. Re3
Qd7 22. Rxd3 Rxc3 23. Rxc3 Bxc3 24. Qf3 Bg7 25. Be3 Rc8 26. Bxa7 Ra8 27. Qe3 b5
28. Bc5 Rxa2 29. Qb3 Ra4 30. f3 Qh3 31. Bf2 Bd4 32. Bxd4 Rxd4 33. Qe3 Rc4 34.
Qf2 b4 35. Qf1 Qc8 36. Kh1 b3 37. Kg2 Rc2+ 38. Kg3 b2 39. Qb5 Rg2+ 40. Kxg2 Qc2+
41. Kh3 Qxb1 42. Qb8+ Kh7 43. Qf8 Qf1+ 44. Kg3 Qg1+ 45. Kh3 Qd4 46. Qb8 Qf2 0-1

[Event "25th European Teams"]
[Site "Batumi GEO"]
[Date "2025.10.06"]
[Round "2.12"]
[Board "4"]
[White "Gledura, Benjamin"]
[Black "Wartiovaara, Oliver"]
[Result "1-0"]
[WhiteTitle "GM"]
[BlackTitle "FM"]
[WhiteElo "2643"]
[BlackElo "2309"]
[WhiteTeam "Hungary"]
[BlackTeam "Finland"]
[WhiteFideId "712779"]
[BlackFideId "513024"]
[EventDate "2025.10.05"]

1. d4 Nf6 2. c4 e6 3. Nc3 Bb4 4. e3 b6 5. Ne2 Ba6 6. a3 Bxc3+ 7. Nxc3 d5 8. b3
O-O 9. Be2 c5 10. dxc5 dxc4 11. b4 Qxd1+ 12. Bxd1 Bb7 13. cxb6 axb6 14. Bb2 Nbd7
15. O-O Bc6 16. Bc2 b5 17. Rfd1 Nb6 18. e4 Rfc8 19. f3 Kf8 20. Bc1 Nfd7 21. Be3
Ke7 22. Kf2 f6 23. Ke2 Rc7 24. Ra2 h6 25. Kd2 Rcc8 26. Kc1 Rc7 27. Kb2 Rcc8 28.
Raa1 Rc7 29. Rd2 Rcc8 30. g4 Rab8 31. f4 g5 32. Rad1 Rb7 33. h3 Na4+ 34. Bxa4
bxa4 35. e5 gxf4 36. exf6+ Nxf6 37. Bxf4 Ne4 38. Nxe4 Bxe4 39. Kc3 h5 40. Bg5+
Kf7 41. gxh5 Bd3 42. Rf2+ Ke8 43. Re1 Rc6 44. Rf6 Rf7 45. Rexe6+ Rxe6 46. Rxe6+
Kd7 47. Rf6 Rxf6 48. Bxf6 Ke6 49. Bd4 Kd5 50. b5 Be2 51. h6 Bd3 52. h4 Kd6 53.
Kb4 Kd5 1-0

[Event "25th European Teams"]
[Site "Batumi GEO"]
[Date "2025.10.06"]
[Round "2.13"]
[Board "1"]
[White "Stefansson, Vignir Vatnar"]
[Black "Naiditsch, Arkadij"]
[Result "1-0"]
[WhiteTitle "GM"]
[BlackTitle "GM"]
[WhiteElo "2506"]
[BlackElo "2587"]
[WhiteTeam "Iceland"]
[BlackTeam "Bulgaria"]
[WhiteFideId "2308649"]
[BlackFideId "4650891"]
[EventDate "2025.10.05"]

1. d4 Nf6 2. c4 g6 3. Nc3 Bg7 4. e4 d6 5. Nf3 O-O 6. Be2 Nbd7 7. O-O e5 8. Be3
Qe7 9. Qc2 c6 10. d5 c5 11. Nd2 h5 12. h3 Nh7 13. a3 h4 14. b4 f5 15. f3 b6 16.
Bd3 f4 17. Bf2 Ng5 18. Rfb1 Nf6 19. bxc5 bxc5 20. Bf1 Nh5 21. Qa4 Bf6 22. Rb2
Ng3 23. Rab1 a6 24. Qa5 Qg7 25. Na4 Bd8 26. Qc3 Bxh3 27. gxh3 Qd7 28. Nb6 Bxb6
29. Rxb6 Nxh3+ 30. Kg2 Ng5 31. Kh2 Nxf1+ 32. Rxf1 Rf7 33. Rfb1 Ra7 34. Kg1 Nh3+
35. Kg2 g5 36. Rh1 g4 37. Bxh4 Rg7 38. Be1 gxf3+ 39. Kf1 Rg1+ 40. Rxg1+ Nxg1 41.
Bf2 Qh3+ 42. Ke1 Qh1 43. Bxg1 Qxg1+ 44. Nf1 Qg2 45. Qd3 Rg7 46. Rb3 Rg3 47. Nxg3
Qxg3+ 48. Kd1 Qg1+ 49. Kc2 Qg2+ 50. Kc3 f2 51. Rb1 Kg7 52. Rf1 f3 53. Kd2 Kg6
54. Ke3 Qg3 55. Kd2 Qg2 56. Qb1 Kh5 57. Ke3 Kg4 58. Rxf2 Qg3 59. Qh1 Qf4+ 60.
Kd3 Qg3 61. Qh2 1-0

[Event "25th European Teams"]
[Site "Batumi GEO"]
[Date "2025.10.06"]
[Round "2.13"]
[Board "2"]
[White "Petrov, Martin"]
[Black "Kjartansson, Gudmundur"]
[Result "1-0"]
[WhiteTitle "GM"]
[BlackTitle "GM"]
[WhiteElo "2540"]
[BlackElo "2422"]
[WhiteTeam "Bulgaria"]
[BlackTeam "Iceland"]
[WhiteFideId "2911086"]
[BlackFideId "2301318"]
[EventDate "2025.10.05"]

1. e4 e5 2. Nf3 Nc6 3. Bc4 Nf6 4. d3 Bc5 5. O-O d6 6. c3 a5 7. Re1 Ba7 8. Nbd2
O-O 9. h3 Be6 10. Bb5 Ne7 11. d4 Ng6 12. Nf1 exd4 13. cxd4 d5 14. e5 Ne4 15. Ng3
f5 16. Ne2 c6 17. Bd3 h6 18. a4 Kh8 19. Ra3 Bg8 20. g3 c5 21. h4 cxd4 22. h5 Ne7
23. Kg2 Bc5 24. Ra1 Bf7 25. Rh1 Nc6 26. Nf4 Qe8 27. Bb5 d3 28. Be3 Bxe3 29. fxe3
Qe7 30. e6 Qb4 31. b3 Be8 32. Qxd3 Ne7 33. Rac1 Bxb5 34. Qxb5 Qxb5 35. axb5 Rfc8
36. Ne5 Rc3 37. Rxc3 Nxc3 38. Rc1 d4 39. exd4 Nxb5 40. d5 a4 41. bxa4 Rxa4 42.
Neg6+ 1-0

[Event "25th European Teams"]
[Site "Batumi GEO"]
[Date "2025.10.06"]
[Round "2.13"]
[Board "3"]
[White "Stefansson, Hannes"]
[Black "Petkov, Momchil"]
[Result "0-1"]
[WhiteTitle "GM"]
[BlackTitle "GM"]
[WhiteElo "2408"]
[BlackElo "2509"]
[WhiteTeam "Iceland"]
[BlackTeam "Bulgaria"]
[WhiteFideId "2300087"]
[BlackFideId "2921642"]
[EventDate "2025.10.05"]

1. d4 d5 2. c4 e6 3. Nc3 Nf6 4. Nf3 Nbd7 5. Bf4 Bb4 6. cxd5 exd5 7. Rc1 Ne4 8.
Qb3 Bxc3+ 9. bxc3 Nb6 10. h3 O-O 11. e3 Bf5 12. Be2 c5 13. O-O c4 14. Qa3 g5 15.
Bh2 h5 16. Rfd1 g4 17. hxg4 hxg4 18. Nd2 Re8 19. Nxe4 Rxe4 20. Qd6 Qxd6 21. Bxd6
Re6 22. Bf4 Na4 23. Rd2 Rb6 24. Bd1 Nb2 25. Bc7 Nd3 26. Rxd3 Rb2 27. e4 cxd3 28.
exf5 d2 29. Ra1 Rc8 30. Ba5 b6 31. Bb4 Rxb4 0-1

[Event "25th European Teams"]
[Site "Batumi GEO"]
[Date "2025.10.06"]
[Round "2.13"]
[Board "4"]
[White "Dimitrov, Radoslav"]
[Black "Domalchuk-Jonasson, Aleksandr"]
[Result "1/2-1/2"]
[WhiteTitle "GM"]
[BlackTitle "IM"]
[WhiteElo "2496"]
[BlackElo "2373"]
[WhiteTeam "Bulgaria"]
[BlackTeam "Iceland"]
[WhiteFideId "2908549"]
[BlackFideId "14142805"]
[EventDate "2025.10.05"]

1. c4 e6 2. Nc3 d5 3. d4 Nf6 4. Bg5 dxc4 5. e3 c5 6. Bxf6 Qxf6 7. d5 a6 8. Bxc4
b5 9. Be2 Bb7 10. Bf3 exd5 11. a4 Be7 12. Nxd5 Qd6 13. Nxe7 Qxe7 14. axb5 O-O
15. Bxb7 Qxb7 16. Qf3 Qxb5 17. Qxa8 Qxb2 18. Rd1 Qb4+ 19. Rd2 Rd8 20. Nf3 Qb1+
21. Ke2 Qb5+ 22. Ke1 Qb1+ 23. Ke2 Qb5+ 24. Ke1 Qb1+ 1/2-1/2

[Event "25th European Teams"]
[Site "Batumi GEO"]
[Date "2025.10.06"]
[Round "2.14"]
[Board "1"]
[White "Sousa, Andre Ventura"]
[Black "Pechac, Jergus"]
[Result "1-0"]
[WhiteTitle "IM"]
[BlackTitle "GM"]
[WhiteElo "2433"]
[BlackElo "2539"]
[WhiteTeam "Portugal"]
[BlackTeam "Slovakia"]
[WhiteFideId "1917617"]
[BlackFideId "14926970"]
[EventDate "2025.10.05"]

1. e4 e5 2. Nf3 Nc6 3. Bb5 a6 4. Ba4 Be7 5. d3 d6 6. c3 f5 7. exf5 Bxf5 8. O-O
Nf6 9. d4 e4 10. Nh4 Be6 11. f3 O-O 12. fxe4 Nxe4 13. Nf3 d5 14. Be3 b5 15. Bc2
b4 16. cxb4 Nxb4 17. Ba4 Qd6 18. a3 Nc6 19. Nbd2 Bf6 20. Qc2 Na5 21. Nxe4 dxe4
22. Qxe4 Bd5 23. Qg4 Rab8 24. b4 Nc4 25. Bf2 a5 26. bxa5 Rb2 27. Qd7 Bxf3 28.
Qxd6 cxd6 29. gxf3 Nd2 30. Bc6 Nxf1 31. Rxf1 Bd8 32. a6 Bb6 33. Rc1 g5 34. Rc4
Rb8 35. Rb4 Ba7 36. Bb7 Rc2 37. Bg3 Rd2 38. Kf1 Re8 39. Bd5+ Kh8 40. Bxd6 Bxd4
41. Bg3 g4 42. fxg4 Bc3 43. Bc6 Rf8+ 44. Rf4 Rd1+ 45. Kg2 Rd2+ 46. Kh3 Rxf4 47.
Bxf4 Rd3+ 48. Kg2 Bd4 49. a4 Ba7 50. a5 Kg7 51. Bc7 Rd2+ 52. Kf3 Rc2 53. Be5+
Kf7 54. Be4 Rf2+ 55. Kg3 Re2 56. Bd5+ Ke7 57. Bc7 Re3+ 58. Kf4 Ra3 59. Bb7 Ra4+
60. Kf5 Rb4 61. Bb6 Rb5+ 62. Ke4 Rb4+ 63. Kd5 Rxb6 64. axb6 Bxb6 65. Kc6 Ba7 66.
Bc8 Kf6 67. Kb7 Bf2 68. a7 Bxa7 69. Kxa7 Kg5 70. Kb6 Kh4 71. Kc5 h5 72. h3 1-0

[Event "25th European Teams"]
[Site "Batumi GEO"]
[Date "2025.10.06"]
[Round "2.14"]
[Board "2"]
[White "Gazik, Viktor"]
[Black "Martins, Bruno Andre Leite"]
[Result "1-0"]
[WhiteTitle "GM"]
[BlackTitle "FM"]
[WhiteElo "2556"]
[BlackElo "2363"]
[WhiteTeam "Slovakia"]
[BlackTeam "Portugal"]
[WhiteFideId "14928752"]
[BlackFideId "1942255"]
[EventDate "2025.10.05"]

1. e4 c6 2. Nf3 d5 3. d3 Qc7 4. Nc3 dxe4 5. dxe4 e5 6. Bc4 b5 7. Bb3 h6 8. O-O
Nf6 9. Re1 Nbd7 10. a4 b4 11. Nb1 Nc5 12. Nbd2 Nxb3 13. cxb3 Be6 14. Qc2 Be7 15.
Nxe5 c5 16. Nd3 Rc8 17. Nc4 O-O 18. Bf4 Qc6 19. Bg3 Nh5 20. Rad1 Rfd8 21. Be5 f6
22. Bg3 Rd7 23. f3 Nxg3 24. hxg3 g5 25. Nf2 Rcd8 26. Rxd7 Qxd7 27. f4 Kg7 28.
Qe2 Qc7 29. Qf3 Rd4 30. Ne3 Qd7 31. Nf5+ Bxf5 32. exf5 Bd6 33. Re6 c4 34. Ne4
Rd1+ 35. Kh2 Bf8 36. Nxf6 Qd4 37. Qb7+ 1-0

[Event "25th European Teams"]
[Site "Batumi GEO"]
[Date "2025.10.06"]
[Round "2.14"]
[Board "3"]
[White "Martins, David Pires Tavares"]
[Black "Sahidi, Samir"]
[Result "0-1"]
[WhiteTitle "IM"]
[BlackTitle "IM"]
[WhiteElo "2430"]
[BlackElo "2490"]
[WhiteTeam "Portugal"]
[BlackTeam "Slovakia"]
[WhiteFideId "1909991"]
[BlackFideId "14936372"]
[EventDate "2025.10.05"]

1. d4 Nf6 2. Nf3 e6 3. c4 Bb4+ 4. Bd2 c5 5. Bxb4 cxb4 6. Nbd2 O-O 7. g3 b6 8.
Bg2 Bb7 9. O-O a5 10. Re1 d6 11. e4 Qc7 12. Rc1 e5 13. Nf1 Bxe4 14. dxe5 dxe5
15. Rxe4 Nxe4 16. Nh4 Nxf2 17. Kxf2 Ra7 18. Ne3 g6 19. Qe1 Qc5 20. Rd1 Rd7 21.
Bd5 Kg7 22. Kg2 Nc6 23. Nf3 f6 24. Nd2 Nd4 25. Ng4 h5 26. Ne4 Qe7 27. Ngf2 f5
28. Ng5 f4 29. Rxd4 exd4 30. Ne6+ Kh6 31. Qd2 Rf6 32. Nxf4 Qe3 33. Qxe3 dxe3 34.
Ne4 Rf8 35. h4 b5 36. Kf3 bxc4 37. Bxc4 Rd4 38. b3 Re8 39. Ng5 Rxc4 40. bxc4 a4 0-1

[Event "25th European Teams"]
[Site "Batumi GEO"]
[Date "2025.10.06"]
[Round "2.14"]
[Board "4"]
[White "Druska, Juraj"]
[Black "Ribeiro, Gustavo"]
[Result "1-0"]
[WhiteTitle "IM"]
[BlackTitle "FM"]
[WhiteElo "2451"]
[BlackElo "2245"]
[WhiteTeam "Slovakia"]
[BlackTeam "Portugal"]
[WhiteFideId "14915650"]
[BlackFideId "1941852"]
[EventDate "2025.10.05"]

1. d4 d5 2. c4 dxc4 3. Nf3 Nf6 4. e3 e6 5. Bxc4 c5 6. O-O Be7 7. dxc5 O-O 8. Qe2
Nbd7 9. Nc3 Bxc5 10. e4 e5 11. Bg5 h6 12. Bh4 a6 13. a4 Qa5 14. Rfd1 Nh5 15. Nd5
Nf4 16. Qd2 Qxd2 17. Rxd2 Ng6 18. Bg3 Nf6 19. b4 Ba7 20. Re1 Nxd5 21. Bxd5 Re8
22. Rc1 Bb8 23. h4 Ra7 24. a5 Nf4 25. Bb3 b5 26. axb6 Rb7 27. Bxf4 exf4 28. Rc6
Bd7 29. Bd5 Bxc6 30. Bxc6 Ree7 31. Bxb7 Rxb7 32. e5 Rxb6 33. Rd8+ Kh7 34. Rd4 f6
35. exf6 Rxf6 36. Kf1 Rc6 37. Ne1 Kg6 38. Nd3 Rf6 39. Ke2 Kh5 40. Kf3 g5 41.
hxg5 hxg5 42. Rd8 Rb6 43. Rh8+ Kg6 44. Kg4 Rb5 45. Rg8+ Kf6 46. Nc5 Bd6 47. Ne4+
Ke5 48. Re8+ Kd5 49. Nc3+ Kc4 50. Nxb5 axb5 51. Re4+ Kc3 52. Kxg5 Bxb4 53. Kxf4
Bc5 54. f3 b4 55. g4 b3 56. g5 Kd3 57. g6 Bd4 58. Re7 1-0

[Event "25th European Teams"]
[Site "Batumi GEO"]
[Date "2025.10.06"]
[Round "2.15"]
[Board "1"]
[White "Grandelius, Nils"]
[Black "Kiladze, Luka"]
[Result "1-0"]
[WhiteTitle "GM"]
[BlackTitle "FM"]
[WhiteElo "2645"]
[BlackElo "2370"]
[WhiteTeam "Sweden"]
[BlackTeam "Georgia 3"]
[WhiteFideId "1710400"]
[BlackFideId "13623389"]
[EventDate "2025.10.05"]

1. e4 c5 2. Nf3 Nc6 3. Bb5 g6 4. O-O Bg7 5. Re1 Nf6 6. Nc3 O-O 7. e5 Ne8 8. Bxc6
dxc6 9. h3 Nc7 10. d3 Ne6 11. b3 b6 12. Bb2 Nd4 13. Ne4 Qd5 14. c4 Qd8 15. Rc1
Bf5 16. Nxd4 cxd4 17. Ng3 Be6 18. Rc2 c5 19. Bc1 Qd7 20. Bf4 h6 21. Rce2 Rae8
22. Ne4 Qc7 23. Qd2 Bxe5 24. Bxe5 Qxe5 25. Qxh6 Bc8 26. Qh4 f6 27. Ng3 Qc7 28.
Qh6 e6 29. Qxg6+ Qg7 30. Qxg7+ Kxg7 31. Nf5+ 1-0

[Event "25th European Teams"]
[Site "Batumi GEO"]
[Date "2025.10.06"]
[Round "2.15"]
[Board "2"]
[White "Nemsadze, Daviti"]
[Black "Seo, Jung Min"]
[Result "1/2-1/2"]
[WhiteTitle "FM"]
[BlackTitle "IM"]
[WhiteElo "2348"]
[BlackElo "2483"]
[WhiteTeam "Georgia 3"]
[BlackTeam "Sweden"]
[WhiteFideId "13619250"]
[BlackFideId "1734687"]
[EventDate "2025.10.05"]

1. e4 e6 2. d4 d5 3. Nc3 Bb4 4. e5 c5 5. a3 Bxc3+ 6. bxc3 Nc6 7. Qg4 g6 8. Nf3
Qa5 9. Bd2 Qa4 10. Kd1 h6 11. h4 Bd7 12. Qf4 Nge7 13. g4 O-O-O 14. Bd3 c4 15.
Be2 Rdf8 16. Ne1 Rh7 17. Qg3 h5 18. gxh5 gxh5 19. Bg5 Nf5 20. Qh3 a6 21. Ng2 Na7
22. Nf4 Nb5 23. Nxh5 Rfh8 24. Bf6 Rxh5 25. Bxh5 Rxh5 26. Rg1 Kc7 27. Rg8 b6 28.
Kc1 Rh6 29. Bg5 Rh7 30. Kb2 Bc6 31. Bf6 Nfxd4 32. cxd4 c3+ 33. Kc1 Qxd4 34. Qe3
Qc4 35. Qd3 Qxd3 36. cxd3 Nd4 37. Ra2 Ba4 38. f4 Nb3+ 39. Kb1 d4 40. Rag2 Nc5
41. R8g3 Bb5 42. Kc2 Ba4+ 43. Kb1 Bb5 44. Kc2 Ba4+ 45. Kb1 1/2-1/2

[Event "25th European Teams"]
[Site "Batumi GEO"]
[Date "2025.10.06"]
[Round "2.15"]
[Board "3"]
[White "Trost, Edvin"]
[Black "Shamatava, Nikolozi"]
[Result "1-0"]
[WhiteTitle "IM"]
[BlackTitle "FM"]
[WhiteElo "2457"]
[BlackElo "2296"]
[WhiteTeam "Sweden"]
[BlackTeam "Georgia 3"]
[WhiteFideId "1729519"]
[BlackFideId "13619950"]
[EventDate "2025.10.05"]

1. d4 Nf6 2. g3 d5 3. Nf3 Bf5 4. Bg2 e6 5. c4 c6 6. Nc3 h6 7. Qb3 Qb6 8. c5 Qxb3
9. axb3 Nbd7 10. b4 Be7 11. h3 Ne4 12. O-O O-O 13. g4 Bg6 14. Bf4 f5 15. gxf5
Bxf5 16. Ne5 Nxe5 17. Bxe5 Nd2 18. Rfe1 Nc4 19. e4 dxe4 20. Nxe4 Nxe5 21. dxe5
Bxe4 22. Rxe4 a6 23. h4 Rad8 24. Bh3 Rd2 25. Bxe6+ Kh8 26. Rf1 a5 27. bxa5 Rxb2
28. Rc4 Rd8 29. h5 Rb5 30. Rfc1 Rxa5 31. R1c2 Rb5 32. f4 Rd3 33. Kg2 Rd8 34. Kf3
Rb1 35. Bf7 Rf8 36. e6 Rd8 37. Ra4 Rb5 38. Ra7 g5 39. hxg6 Kg7 40. Kg4 Rb3 41.
Rh2 Rb4 42. Rh5 Rb3 43. Ra2 Rb4 44. Rah2 Rdd4 45. Rf5 Rd8 46. Rh1 Bf8 47. Rh2
Be7 48. Rh3 Bf8 49. e7 Bxe7 50. Re3 Bf8 51. Be8 Kg8 52. Ree5 Rd1 53. Bf7+ Kg7
54. Be6 Rd8 55. Kh5 Kh8 56. Rxf8+ Rxf8 57. Kxh6 Rf6 58. Bf7 1-0